| 000 | 00852nam a2200217 i 4500 | ||
|---|---|---|---|
| 001 | 146421 | ||
| 003 | ES-MaACL | ||
| 005 | 20250902055123.0 | ||
| 007 | t| | ||
| 008 | 070910s1969 sp ||||1| spa d | ||
| 080 | _a658(46)(049.3) | ||
| 100 | 1 |
_aTravesi, Andrés. _9187421 |
|
| 245 | 1 | 3 |
_aLa emresa española _b: diálogos con José Mª Aguirre Gonzalo, Eduardo Barreiros Rodríguez, Antonio Barrera de Irimo... / _cpor Andrés Travesí ; introducción de Bernardino Herrero Nieto. |
| 260 |
_a[Madrid] : _bAsociación para el Progreso de la Dirección, _c[1969] |
||
| 300 |
_aXI, 215 p. ; _c23 cm. |
||
| 650 | 1 | 4 |
_aEmpresarios- _zEspaña- _vEntrevistas _912206 |
| 700 | 1 |
_aHerrero Nieto, Bernardino. _963336 |
|
| 710 | 2 |
_aAsociación para el Progreso de la Dirección. _91775 |
|
| 852 |
_aES-MaACL _jC-46784 _bR.71314 |
||
| 999 |
_c146421 _d146421 |
||